| 000 | 01195nam a2200373 a 4500 | ||
|---|---|---|---|
| 001 | 26350 | ||
| 003 | CO-ViMGA | ||
| 005 | 20230915223420.0 | ||
| 006 | Mimo0001858401 | ||
| 008 | 141112s2004 ck r 000 u spa d | ||
| 016 | _abimoBNE20030467973 SpMaBN | ||
| 017 | _aB 28201 - 2002 Oficina Depósito Legal Barcelona | ||
| 020 | _a842726044X | ||
| 035 | _a(OCoLC)434468052 | ||
| 040 |
_aCO-ViMGA _bspa _cCO-ViMGA |
||
| 041 | _aspa cat | ||
| 080 | _a087.5 | ||
| 090 | _aA PRAr | ||
| 100 | 1 |
_aPrats, Joan de Déu _93448 |
|
| 240 | _aUn robot dins de casa Catalán | ||
| 245 | 1 | 0 |
_aUn robot dentro de casa / _ctexto de Joan de Déu Prats ; ilustraciones de Gloria García |
| 260 | _aBarcelona Molino [2002] | ||
| 300 | _a[14] p. il. col. 23 cm | ||
| 490 | 0 | _aLa pequeña exploradora | |
| 490 | 0 | _aLa pequeña exploradora 4 | |
| 594 | _aTraducción de : Un robot dins de casa | ||
| 650 | 1 | 4 |
_aCuentos infantiles _92743 |
| 650 | 1 | 4 | _aLibro album |
| 700 | 1 |
_aGarcía, Gloria 1926 - _93450 |
|
| 926 | _aMONOMODERN | ||
| 942 |
_2ddc _cBK |
||
| 956 | _a2 | ||
| 980 | _a017. B 28201 - 2002 020. 84 - 272 - 6044 - X 852. 40 M - BN BNALCALA MO04021767 12/176009 DG ALCALA | ||
| 999 |
_c9893 _d9893 |
||